000
00299nam a2200133Ia 4500
100
_a
Weatherall alan
942
_c
BK
654
_a
manufacturing
245
_a
Computer integrated manufacturing
260
_b
East-West press
_a
New Delhi
_c
1988
300
_a
299
546
_a
ENGLISH
999
_c
35466
_d
35466